000 00766cam a2200253 a 4500
005 20031230185550.0
008 940308s1993 enkab b 001 0 eng
010 _aENG-101718
020 _c200.00
035 _aEN-85251
037 _bDBAD/PUB
040 _adpl
_bEng
082 _a920
100 1 _922405
_aKadamb, S.G.
245 1 0 _aSome reminiscences/
_cby S.G. Kadamb
260 _aGoa
_bKadamb Kunj Publications
_c2010
270 _aF-6, Madkaikar Nagar, Bhatlem, Panjim
_bGoa
300 _a100p.
_c22cm (pbk)
650 0 _922448
_aReminiscences
651 _922481
700 _923269
942 _2ddc
_cEN
_mKAD
_h920
999 _c48355
_d48355